000 00525nmm a2200169Ia 4500
008 251105s9999||||xx |||||||||||||||||und||
020 _a9788415130345
041 _aspa
100 _aEça de Queirós, José Maria
245 0 _aEstampas egipcias
264 _a[Madrid, España] :
_bImpedimenta,
_c[Fecha de publicación no identificada]
300 _a192 páginas
700 _aEça de Queirós, José Maria
700 1 _a López-Vega, Martín
856 _uhttps://public.digitaliapublishing.com/a/87194
942 _cCF
999 _c64968
_d64968